书目信息 |
| 题名: |
精通HTML+CSS
|
|
| 作者: | ;龙马工作室 编著 | |
| 分册: | ||
| 出版信息: | 北京 人民邮电出版社 2014 |
|
| 页数: | 13, 396页 | |
| 开本: | 26cm | |
| 丛书名: | ||
| 单 册: | ||
| 中图分类: | TP312HT , TP312 | |
| 科图分类: | ||
| 主题词: | 超文本标记语言--Chao Wen Ben Biao Ji Yu Yan--程序设计 | |
| 电子资源: | ||
| ISBN: | 978-7-115-35177-7 | |
| 000 | 01544nam0 2200277 450 | |
| 001 | 1650810391 | |
| 005 | 20140724083829.8 | |
| 010 | @a978-7-115-35177-7@dCNY59.80 | |
| 010 | @a978-7-89397-128-0@b光盘 | |
| 100 | @a20140724d2014 em y0chiy0120 ea | |
| 101 | 0 | @achi |
| 102 | @aCN@b110000 | |
| 105 | @aa z 000yy | |
| 106 | @ar | |
| 200 | 1 | @a精通HTML+CSS@AJing Tong HTML+CSS@e100%网页设计与布局密码@f龙马工作室编著 |
| 210 | @a北京@c人民邮电出版社@d2014 | |
| 215 | @a13, 396页@c图@d26cm@e光盘1片 | |
| 330 | @a本书深入浅出,结合实际案例系统地讲解了使用HTML和CSS进行网页设计与布局的知识和技巧。全书分为4个部分。第1篇【HTML篇】主要介绍了HTML的基础知识和辅助性元素,以及如何在网页上设计文本、列表、超链接、色彩、图片、表格、表单、框架和多媒体等。第2篇【CSS篇】主要介绍了CSS的基础知识和网页样式代码的生成方法,以及如何通过CSS设置文本样式、网页图像特效、背景颜色与背景图像等,还对CSS的高级特性和网页标准化布局进行了讲解。第3篇【综合应用篇】主要介绍了如何综合应用HTML和CSS设计制作企业网站、游戏网站和电子商务网站的页面。第4篇【实战篇】选取了热门的企业门户网站和休闲旅游网站进行分析,并以此为基础指导读者完成自己的网站设计。 | |
| 333 | @a既适合HTML和CSS的初学者自学使用,也可以作为各类院校相关专业学生和电脑培训班的教材或辅导用书。 | |
| 517 | 1 | @a100%网页设计与布局密码@A100% Wang Ye She Ji Yu Bu Ju Mi Ma |
| 606 | 0 | @a超文本标记语言@AChao Wen Ben Biao Ji Yu Yan@x程序设计 |
| 690 | @aTP312HT@v5 | |
| 690 | @aTP312@v4 | |
| 711 | 02 | @a龙马工作室@ALong Ma Gong Zuo Shi@4编著 |
| 801 | 0 | @aCN@b江苏新华@c20150511 |
| 905 | @aBZT@dTP312@e206 | |
| 精通HTML+CSS:100%网页设计与布局密码/龙马工作室编著.-北京:人民邮电出版社,2014 |
| 13, 396页:图;26cm+光盘1片 |
| 使用对象:既适合HTML和CSS的初学者自学使用,也可以作为各类院校相关专业学生和电脑培训班的教材或辅导用书。 |
| ISBN 978-7-115-35177-7:CNY59.80 |
| 本书深入浅出,结合实际案例系统地讲解了使用HTML和CSS进行网页设计与布局的知识和技巧。全书分为4个部分。第1篇【HTML篇】主要介绍了HTML的基础知识和辅助性元素,以及如何在网页上设计文本、列表、超链接、色彩、图片、表格、表单、框架和多媒体等。第2篇【CSS篇】主要介绍了CSS的基础知识和网页样式代码的生成方法,以及如何通过CSS设置文本样式、网页图像特效、背景颜色与背景图像等,还对CSS的高级特性和网页标准化布局进行了讲解。第3篇【综合应用篇】主要介绍了如何综合应用HTML和CSS设计制作企业网站、游戏网站和电子商务网站的页面。第4篇【实战篇】选取了热门的企业门户网站和休闲旅游网站进行分析,并以此为基础指导读者完成自己的网站设计。 |
| ● |
| 相关链接 |
|
|
|
正题名:精通HTML+CSS
索取号:TP312/206
 
预约/预借
| 序号 | 登录号 | 条形码 | 馆藏地/架位号 | 状态 | 备注 |
| 1 | 801827 | 2000801827 | 第二书库/ [索取号:TP312/206] | 在馆 | |
| 2 | 801828 | 2000801828 | 第二书库/ [索取号:TP312/206] | 在馆 | |
| 3 | 801829 | 2000801829 | 第二书库/ [索取号:TP312/206] | 在馆 |